00908nam0a22002411 4500001001100000005001700011021001900028035002600047100004100073101000800114102000700122105001800129200011100147210004300258215001600301606007700317606007900394700006800473701006600541801001800607801002200625852001900647rc\422597820250612022131.0 aRUb[65-27363] a(NLR Aleph) 008461928 a20130416d1965 |||y0rusy50 ca0 arus aRU ay z |||||1 aОрганизация и оплата труда работников плавающего состава aМоскваcТранспортd1965 a179 с.d21 aРечной транспортxЗаработная плата2psbo aРечной транспортxОрганизация труда2psbo 1aАлексеевbГ.Е.gГеоргий Евгеньевич 1aСлуцкийbС.С.gСамуил Соломонович 0aRUbNLRgpsbo 1aRUbELAR2rusmarc aNLRj65-5/1788